000
00290 a2200145 4500
001
174411
020
_a
85-15-00137-3
040
_c
Magnum
240
1
0
_a
Cinderela
_l
por
245
1
0
_a
Cinderela
300
_a
16
440
1
_a
Loyola
697
_a
LITERATURA INFANTO-JUVENIL
942
_c
BK
999
_c
174411
_d
174411